| 000 | 00922nam a22002415i 4500 | ||
|---|---|---|---|
| 001 | 166828 | ||
| 003 | ES-MaACL | ||
| 005 | 20250815062652.0 | ||
| 008 | 031024q18901900sp |||| | spa d | ||
| 040 |
_aCYL _bspa _cCYL |
||
| 100 | 1 |
_aVaccaro, M.-A. _9133479 |
|
| 245 | 1 | 4 |
_aLas bases sociológicas del derecho y del estado / _cpor M.-A. Vaccaro ; traducción por el profesor J. Garriga. |
| 260 |
_aMadrid : _bLa España Moderna, _c[s.a.] |
||
| 300 |
_a540 p. ; _c23 cm. |
||
| 490 | 1 | _aBiblioteca de jurisprudencia, filosofía e historia | |
| 596 | _aFecha aproximada por otros ejemplares de la colección. La España Moderna ejerce ca. 1890-1900. | ||
| 650 | 4 |
_aSociología del derecho. _917212 |
|
| 700 | 1 |
_aGarriga, J. _9127248 |
|
| 752 |
_aEspaña - _dMadrid |
||
| 830 | 0 | 0 |
_aBiblioteca de jurisprudencia, filosofía e historia _9180691 |
| 852 |
_aES-MaACL _jF-14973 _z-- Enc. hol. |
||
| 999 |
_c166828 _d166828 |
||